Snížení nákladů na stres.

Finančné náklady na úhradu škôd vyplývajúcich zo stresových situácií na pracoviskách vo Veľkej Británii, Austrálii a USA. Stratégie a pracovné programy zamerané na kontrolu a ovládanie stresu. Zlepšovanie organizácie práce. Projekt Medzinárodnej organizácie práce (ILO) a jeho hodnotenie programov pr...

Descripción completa

Guardado en:
Detalles Bibliográficos
Autor principal: Martino, V. de
Formato: Capítulo de libro
Lenguaje:checo
Materias:
Etiquetas: Agregar Etiqueta
Sin Etiquetas, Sea el primero en etiquetar este registro!

MARC

LEADER 00000naa a2200000 4500
001 r011921
005 20220826094031.8
041 0 |a cze 
044 |a CZ 
245 1 0 |a Snížení nákladů na stres.  |c V. de Martino 
520 |a Finančné náklady na úhradu škôd vyplývajúcich zo stresových situácií na pracoviskách vo Veľkej Británii, Austrálii a USA. Stratégie a pracovné programy zamerané na kontrolu a ovládanie stresu. Zlepšovanie organizácie práce. Projekt Medzinárodnej organizácie práce (ILO) a jeho hodnotenie programov prevencie stresu v Indii, Veľkej Británii, Švédsku a Mexiku. 
610 2 0 |a stresy 
610 2 0 |a náhrada škody 
610 2 0 |a náklady 
610 2 0 |a organizácia práce 
610 2 0 |a prevencia 
610 2 0 |a Veľká Británia 
610 2 0 |a Austrália 
610 2 0 |a USA 
100 1 |a Martino, V. de